| 000 | 00901nam a2200253Ia 4500 | ||
|---|---|---|---|
| 003 | OSt | ||
| 005 | 20220916110910.0 | ||
| 006 | a|||||r|||| 00| 0 | ||
| 007 | ta | ||
| 008 | 220915b |||||||| |||| 00| 0 eng d | ||
| 024 | _a37332 | ||
| 037 | _cTextbook | ||
| 040 |
_beng _aARTS _cARTS |
||
| 041 | _aeng | ||
| 082 | _aO15,3D60:g, L0 | ||
| 100 | _aअग्रवाल, वासुदेवशरण | ||
| 245 | 0 | _aकादम्बरी: एक सांस्कृतिक अध्ययन | |
| 246 | _aKādambarī: ek sāanskṛutik adhyayana | ||
| 260 |
_aवाराणसी _bचौखम्बा विधाभवन भारत _c1970 |
||
| 300 |
_a423पण् _ccm. |
||
| 650 | _aहिन्दी साहित्य | ||
| 942 |
_hO15,3D60:g, L0 _cTB _2CC |
||
| 999 |
_c100746 _d100746 |
||